Imiona na J - Statystyki

Ogólne statystyki
  • Ten quiz został rozwiązany 44 razy
  • Średni wynik to 16 z 27
Statystyki odpowiedzi
Hint Odpowiedź % Poprawnych
m Jan
97%
ż Janina
86%
ż Julia
84%
m Jerzy
78%
ż Joanna
78%
m Jeremi
73%
ż Jolanta
73%
m Julian
73%
ż Jadwiga
70%
m Janusz
70%
m Jarosław
68%
m Jacek
65%
ż Jagoda
59%
m Jakub
59%
m Jeremiasz
59%
m Józef
57%
ż/m Jowita
54%
ż Julita
54%
ż Jagna
51%
m Justyn
49%
ż Justyna
49%
ż Józefa
46%
ż Judyta
41%
m Juliusz
38%
m Jonasz
32%
m Jędrzej
30%
m Joachim
24%
Nie znaleziono quizów pasujących do podanych kryteriów
Rozkład punktacji
Procent ludzi z każdym wynikiem
Percentyl według liczby udzielonych odpowiedzi
Twoja historia wyników
Nie rozwiązałeś tego quizu